| 000 | 00451ntaaa2200181 4500 | ||
|---|---|---|---|
| 003 | 01 | ||
| 005 | 20251027202818.0 | ||
| 008 | 0714s1973 ag 01 | ||
| 040 |
_aAR-BaBN _bspa _cAR-BaBN _eaacr _dRIC |
||
| 082 | _a914.0000 H13 | ||
| 100 |
_aHale, Sara A _928511 |
||
| 245 | _aMi viaje por países Europeos | ||
| 250 | _a1 ed. | ||
| 260 |
_aEl Paso : _bCasa Bautista de Publicaciones, _cc1933 |
||
| 300 | _a347 p | ||
| 650 | _ageografía | ||
| 942 | _cBK | ||
| 999 |
_c23471 _d23471 |
||